| 000 | 00528 a2200181 4500 | ||
|---|---|---|---|
| 003 | OSt | ||
| 005 | 20240120094950.0 | ||
| 008 | 240120b |||||||| |||| 00| 0 eng d | ||
| 020 | _a9788182717190 | ||
| 040 | _coclc | ||
| 082 |
_a297.4 _bISL/S |
||
| 100 |
_a Islahi, Sadrudheen _91862 |
||
| 245 |
_aSufi Mathasangalpavum Quranum / _cSadrudheen Islahi |
||
| 250 | _a1st ed. | ||
| 260 |
_aKozhikode: _bIslamic Publishing House, _c2015. |
||
| 300 | _a200p. | ||
| 942 |
_2ddc _cBK _h297.4 _iISL/S _k297.4 _mISL/S |
||
| 999 |
_c43275 _d43275 |
||